Sports Quiz

Random Sports Quiz

Anaheim Ducks roster Quiz Stats

 Plays Quiz not verified by Sporcle

Score 0/22 Timer 10:00
0 Plays Today
Position Player % Correct
GoaliesJohn Gibson
93.8%
ForwardsRyan Getzlaf
93.8%
ForwardsCorey Perry
90.6%
DefensemenCam Fowler
87.5%
ForwardsRyan Kesler
87.5%
DefensemenHampus Lindholm
75%
ForwardsJakob Silfverberg
75%
GoaliesJonathan Bernier
71.9%
DefensemenKevin Bieksa
71.9%
DefensemenSami Vatanen
71.9%
ForwardsAndrew Cogliano
71.9%
Position Player % Correct
ForwardsRickard Rakell
68.8%
DefensemenJosh Manson
62.5%
DefensemenClayton Stoner
59.4%
DefensemenKorbinian Holzer
56.3%
ForwardsNate Thompson
56.3%
ForwardsRyan Garbutt
43.8%
DefensemenSimon Despres
40.6%
ForwardsJared Boll
25%
ForwardsMason Raymond
12.5%
DefensemenNate Guenin
6.3%
DefensemenJeff Schultz
6.3%

You're not logged in!

Compare scores with friends on all Sporcle quizzes.
OR
Log In

Show Comments

Extras

Top Quizzes Today


Score Distribution

Your Account Isn't Verified!

In order to create a playlist on Sporcle, you need to verify the email address you used during registration. Go to your Sporcle Settings to finish the process.

Report this User

Report this user for behavior that violates our Community Guidelines.

Details: